| 000 | 00489 a2200169 4500 | ||
|---|---|---|---|
| 003 | Nust | ||
| 005 | 20230404123622.0 | ||
| 040 | _cNust | ||
| 082 | _a942,QUE | ||
| 100 |
_aMarjore, C.H.B. Quennel _9111726 |
||
| 245 | _aA History of cberqap things in England / | ||
| 260 |
_aLondon _bUniversty press _c1938 |
||
| 300 | _a242 | ||
| 505 | _aThe Eighteenth Century (Page-1), The Nineteenth Century (Page-107). | ||
| 650 |
_aA history of cberqap things in englaw _9111727 |
||
| 942 |
_2ddc _cBK |
||
| 999 |
_c186537 _d186537 |
||